Sports Quiz

Random Sports or Football Quiz

Girls Lacrosse Positions Quiz Stats

 Plays Quiz not verified by Sporcle

Also try: Patriot League
Challenge
Share
Tweet
Embed
Score 0/15 Timer 10:00
0 Plays Today
% Correct
Goalie
96.1%
center
50%
10.8%
10.8%
10.8%
left attack wing
4.9%
right attack wing
4.9%
right dwing
2%
% Correct
left d wing
2%
left low defense
2%
right low defense
2%
center low defense
1%
left attack or home
1%
right attack or home
1%
center attack or home
1%

You're not logged in!

Compare scores with friends on all Sporcle quizzes.
Join for Free
OR
Log In

You Might Also Like...

Show Comments

Extras

Top Quizzes Today


Score Distribution

Your Account Isn't Verified!

In order to create a playlist on Sporcle, you need to verify the email address you used during registration. Go to your Sporcle Settings to finish the process.

Report this User

Report this user for behavior that violates our Community Guidelines.

Details: